Modernization of enterprises : factors, strategies and trends : INCO-Copernicus final report

Saved in:
Bibliographic Details
Format: Book
Language:English
Published: [Thessaloniki?] : University of Macedonia, [2001;]
Subjects:
Tags: Add Tag
No Tags, Be the first to tag this record!

MARC

LEADER 00000cam a2200000 i 4500
001 1/65682
008 020517s2001 eng d
020 |a 960-86767-4-6 
035 |l 10001597 
040 |a GR-MY-UA  |b gre  |e aacr 
041 0 |a eng 
082 0 |a 658.514 
245 1 0 |a Modernization of enterprises :  |b factors, strategies and trends : INCO-Copernicus final report /  |c partners: Voronezh State University ... [et al.] 
260 |a [Thessaloniki?] :   |b University of Macedonia,   |c [2001;] 
300 |a 132 σ.;  |b πιν., σχεδιαγρ.;  |c 24 εκ. 
504 |a Περιέχει βιβλιογραφία 
650 0 0 |a Technological innovations. 
650 0 0 |a Industrial management. 
852 |a INST  |b CHIOS  |e 20020517  |h 658.514 MOD  |p 005200019790  |q 005200019790  |t BK  |y 0 
852 |a INST  |b CHIOS  |e 20020517  |h 658.514 MOD  |p 005200019791  |q 005200019791  |t BK  |y 0 
852 |a INST  |b LESVOS  |e 20060704  |h 658.514 MOD  |p 005100036195  |q 005100036195  |t BK  |y 0 
852 |a INST  |b LESVOS  |e 20060711  |h 658.514 MOD  |p 005100036258  |q 005100036258  |t BK  |y 0 
901 |a BIBL2-2002-1 
901 |a BIBL1-2006-2 
909 |a Χ  |b 099930 
909 |a Χ  |b 099931 
909 |a Λ  |b 128830 
909 |a Λ  |b 103399 
920 |a ΠΑΝΕΠΙΣΤΗΜΙΟ ΜΑΚΕΔΟΝΙΑΣ  |y ΛΕΣΒΟΣ  |z 2006-05 
970 |a ΣΠΕΝΤΖΑ  |b ΕΛΕΝΗ  |z 2002/05/17